000 00457nam a2200181 a 4500
020 _a0697259153
040 _cDLC
082 0 0 _a613 BRO 1997 A041 Or.
100 1 _aRobbins, Gwen.
245 1 2 _aA wellness way of life /
250 _a3rd ed.
260 _aMadison, WI :
_bBrown & Benchmark Publishers,
_cc1997.
300 _ax, 454 p. :
_bill. ;
_c28 cm.
650 0 _aHealth.
700 1 _aPowers, Debbie.
700 1 _aBurgess, Sharon.
942 _cEK
999 _c12056
_d12056